[Event "World Chess Olympiad 2018"]
[Site "Batumi"]
[Date "2018.09.27"]
[Round "4"]
[Board "1"]
[WhiteFideId "15400263"]
[White "Wong Kai Meng"]
[BlackFideId "23800011"]
[Black "Bailey Matthew"]
[Result "1-0"]
[LiveChessVersion "1.4.8"]
[BlackElo "1060"]
[WhiteElo "1661"]

1. d4 {[%clk 1:30:47]} Nf6 {[%clk 1:30:34]} 2. Nf3 {[%clk 1:30:54]} g6
{[%clk 1:30:41]} 3. b3 {[%clk 1:30:38]} Bg7 {[%clk 1:30:53]} 4. Bb2
{[%clk 1:30:58]} d6 {[%clk 1:30:41]} 5. Nbd2 {[%clk 1:30:46]} O-O
{[%clk 1:30:44]} 6. e3 {[%clk 1:30:15]} Bg4 {[%clk 1:30:33]} 7. Be2
{[%clk 1:29:37]} Nbd7 {[%clk 1:30:34]} 8. c4 {[%clk 1:28:46]} Re8
{[%clk 1:21:03]} 9. Qc2 {[%clk 1:24:17]} e5 {[%clk 1:05:12]} 10. h3
{[%clk 1:21:52]} Bxf3 {[%clk 1:04:37]} 11. Bxf3 {[%clk 1:22:09]} exd4
{[%clk 1:01:46]} 12. Bxd4 {[%clk 1:22:02]} c5 {[%clk 0:55:09]} 13. Bb2
{[%clk 1:21:12]} Rb8 {[%clk 0:55:06]} 14. O-O {[%clk 1:19:44]} Ne5
{[%clk 0:51:24]} 15. Be2 {[%clk 1:19:56]} Qd7 {[%clk 0:46:59]} 16. Rad1
{[%clk 1:17:55]} a5 {[%clk 0:39:23]} 17. Nb1 {[%clk 1:14:37]} h5 {[%clk 0:37:37]}
18. Nc3 {[%clk 1:13:41]} g5 {[%clk 0:36:19]} 19. Nb5 {[%clk 1:13:29]} Re6
{[%clk 0:34:23]} 20. Nxd6 {[%clk 1:05:56]} Qc6 {[%clk 0:33:06]} 21. Nf5
{[%clk 1:04:26]} g4 {[%clk 0:32:39]} 22. Rd6 {[%clk 1:03:58]} Rxd6
{[%clk 0:31:54]} 23. Ne7+ {[%clk 1:04:15]} 1-0

[Event "World Chess Olympiad 2018"]
[Site "Batumi"]
[Date "2018.09.27"]
[Round "4"]
[Board "2"]
[WhiteFideId "21400067"]
[White "Esungi Guy Botetsi"]
[BlackFideId "8710651"]
[Black "Mohamed Ali Djama"]
[Result "0-1"]
[LiveChessVersion "1.4.8"]
[BlackElo "1662"]
[WhiteElo "1495"]

1. d4 {[%clk 1:31:12]} Nf6 {[%clk 1:31:17]} 2. Nc3 {[%clk 1:30:25]} e6
{[%clk 1:31:35]} 3. Nf3 {[%clk 1:29:49]} Nc6 {[%clk 1:31:45]} 4. e3
{[%clk 1:28:43]} Be7 {[%clk 1:32:01]} 5. Be2 {[%clk 1:27:29]} b6 {[%clk 1:32:04]}
6. O-O {[%clk 1:27:13]} Bb7 {[%clk 1:32:31]} 7. Bd2 {[%clk 1:26:12]} h6
{[%clk 1:32:26]} 8. a3 {[%clk 1:24:53]} g5 {[%clk 1:32:11]} 9. Bb5
{[%clk 1:21:21]} g4 {[%clk 1:30:34]} 10. Bxc6 {[%clk 1:18:38]} Bxc6
{[%clk 1:30:17]} 11. Ne5 {[%clk 1:17:16]} h5 {[%clk 1:29:24]} 12. Nxc6
{[%clk 1:15:22]} dxc6 {[%clk 1:29:52]} 13. f4 {[%clk 1:12:33]} gxf3 14. Qxf3 Qd7
{[%clk 1:25:08]} 15. Ne4 {[%clk 1:09:46]} Nxe4 {[%clk 1:25:28]} 16. Qxe4
{[%clk 1:09:52]} f5 {[%clk 1:23:47]} 17. Qf4 {[%clk 1:04:58]} O-O-O
{[%clk 1:24:03]} 18. a4 {[%clk 1:01:25]} Rhg8 {[%clk 1:24:19]} 19. a5
{[%clk 0:59:44]} Rg4 {[%clk 1:24:13]} 20. Qf3 {[%clk 0:57:49]} b5
{[%clk 1:24:09]} 21. a6 {[%clk 0:56:42]} Rdg8 {[%clk 1:24:06]} 22. g3
{[%clk 0:51:55]} h4 {[%clk 1:24:11]} 23. Kf2 {[%clk 0:47:23]} hxg3+
{[%clk 1:24:40]} 24. hxg3 {[%clk 0:46:25]} Rxg3 {[%clk 1:24:57]} 25. Qxg3
{[%clk 0:44:33]} Rxg3 {[%clk 1:25:26]} 26. Kxg3 {[%clk 0:44:51]} Bd6+
{[%clk 1:24:46]} 27. Kf3 {[%clk 0:44:27]} Qf7 {[%clk 1:24:45]} 28. Ke2
{[%clk 0:44:08]} Qh5+ {[%clk 1:25:15]} 29. Kd3 {[%clk 0:43:32]} Qg4
{[%clk 1:24:48]} 30. Rg1 {[%clk 0:42:29]} Qe4+ 31. Kc3 b4+ {[%clk 1:18:41]} 32.
Kb3 {[%clk 0:42:36]} Qd5+ {[%clk 1:18:31]} 33. c4 {[%clk 0:35:30]} Qe4
{[%clk 1:19:00]} 34. Bxb4 {[%clk 0:30:17]} Qxe3+ {[%clk 1:19:22]} 35. Ka4
{[%clk 0:30:13]} Bxb4 {[%clk 1:17:53]} 36. Kxb4 {[%clk 0:30:11]} Qxd4
{[%clk 1:17:08]} 37. b3 {[%clk 0:27:31]} c5+ {[%clk 1:17:21]} 38. Ka3
{[%clk 0:27:17]} f4 {[%clk 1:14:16]} 39. Rad1 {[%clk 0:26:33]} Qh8
{[%clk 1:14:20]} 40. Rh1 {[%clk 0:26:19]} Qf8 {[%clk 1:14:16]} 41. Rh7
{[%clk 0:54:05]} Qe8 {[%clk 1:36:06]} 42. Rdh1 {[%clk 0:51:19]} Qc6
{[%clk 1:34:15]} 43. Rh8+ {[%clk 0:43:28]} Kd7 {[%clk 1:34:38]} 44. Rd1+
{[%clk 0:39:49]} Ke7 {[%clk 1:34:58]} 45. Rh7+ {[%clk 0:39:21]} Kf6
{[%clk 1:35:16]} 46. Rdd7 {[%clk 0:36:39]} Qxa6+ {[%clk 1:35:37]} 47. Kb2
{[%clk 0:36:48]} Qa5 {[%clk 1:33:49]} 48. Rxc7 {[%clk 0:34:56]} Ke5
{[%clk 1:30:24]} 49. Rxa7 {[%clk 0:33:06]} Qd2+ 50. Ka3 {[%clk 0:32:00]} f3
{[%clk 1:31:15]} 51. Rad7 {[%clk 0:30:44]} Qc1+ {[%clk 1:31:15]} 52. Ka4
{[%clk 0:29:59]} f2 {[%clk 1:31:44]} 53. Rh5+ {[%clk 0:28:33]} Kf6
{[%clk 1:31:35]} 54. Rhh7 {[%clk 0:26:41]} f1=Q {[%clk 1:31:36]} 55. Rdf7+
{[%clk 0:25:59]} Ke5 {[%clk 1:32:00]} 56. Rxf1 {[%clk 0:25:39]} Qxf1
{[%clk 1:32:30]} 57. Rh5+ {[%clk 0:25:41]} Kd6 {[%clk 1:32:50]} 58. Kb5
{[%clk 0:25:03]} Qf3 {[%clk 1:32:20]} 59. Rh6 {[%clk 0:22:17]} Qb7+
{[%clk 1:32:48]} 60. Ka5 {[%clk 0:21:29]} Qxb3 {[%clk 1:33:16]} 61. Rh4
{[%clk 0:20:44]} Qb4+ {[%clk 1:33:42]} 0-1

[Event "World Chess Olympiad 2018"]
[Site "Batumi"]
[Date "2018.09.27"]
[Round "4"]
[Board "1"]
[WhiteFideId "15700356"]
[White "Altaye Girum Teklewold"]
[BlackFideId "10609431"]
[Black "Bongo Akanga Ndjila Barthelemy"]
[Result "1-0"]
[LiveChessVersion "1.4.8"]
[BlackElo "1765"]
[WhiteElo "1986"]

1. e4 {[%clk 1:30:55]} d5 {[%clk 1:23:13]} 2. exd5 {[%clk 1:31:14]} Qxd5
{[%clk 1:23:42]} 3. d4 {[%clk 1:31:30]} c6 {[%clk 1:24:05]} 4. Nf3
{[%clk 1:31:38]} Bf5 {[%clk 1:24:20]} 5. Be2 {[%clk 1:31:40]} e6 {[%clk 1:24:39]}
6. O-O {[%clk 1:31:49]} Nf6 {[%clk 1:25:01]} 7. Bf4 {[%clk 1:31:36]} Nbd7
{[%clk 1:25:01]} 8. Re1 {[%clk 1:30:08]} Be7 {[%clk 1:25:19]} 9. Bc7
{[%clk 1:29:00]} c5 {[%clk 1:15:18]} 10. Nc3 {[%clk 1:23:50]} Qc6
{[%clk 1:15:43]} 11. Bg3 {[%clk 1:23:06]} a6 {[%clk 1:15:35]} 12. Nh4
{[%clk 1:21:30]} Bg6 {[%clk 1:11:25]} 13. d5 {[%clk 1:16:23]} exd5
{[%clk 0:54:26]} 14. Nxg6 {[%clk 1:07:02]} hxg6 {[%clk 0:52:19]} 15. Bf3
{[%clk 1:07:20]} Kf8 {[%clk 0:52:01]} 16. Nxd5 {[%clk 1:06:08]} Nxd5
{[%clk 0:51:51]} 17. Bxd5 {[%clk 1:04:44]} Qc8 {[%clk 0:51:57]} 18. Qf3
{[%clk 1:04:54]} Qe8 {[%clk 0:49:42]} 19. Bd6 {[%clk 1:04:28]} Bxd6
{[%clk 0:50:10]} 20. Rxe8+ {[%clk 1:03:46]} Kxe8 {[%clk 0:50:39]} 21. Qxf7+
{[%clk 1:03:32]} Kd8 {[%clk 0:51:09]} 22. h3 {[%clk 1:02:58]} Kc7
{[%clk 0:51:10]} 23. Rd1 {[%clk 1:01:48]} Rae8 {[%clk 0:49:58]} 24. Bf3
{[%clk 1:00:47]} Re7 {[%clk 0:44:24]} 25. Qd5 {[%clk 0:57:08]} 1-0